• 首页
  • 本馆介绍
  • 公告通知
  • 最新文献
  • 馆藏检索
  • 电子资源
  • 读者导购
  • 参考咨询
  • 我的图书馆
  • 登录
  • 详细信息显示
  • 放入我的书架
  • 预约/预借图书
  • 作者相关作品
  • 分类相关作品
  • 丛书相关作品
  • 出版社相关作品

书目信息

  • 表格格式
  • 工作单格式
  • 卡片格式
题名:
恶意网络环境下的Linux防御之道
    
 
作者: 兰金 著 ;李枫 译
分册:  
出版信息: 北京   人民邮电出版社  2020
页数: 233页
开本: 24cm
丛书名:
单 册:
中图分类: TP316.85 , TP393.082
科图分类:
主题词: Linux操作系统 , 计算机网络--防火墙技术
电子资源:
ISBN: 978-7-115-54438-4
000 01384nam0 2200277 450
001 2270070909
005 20221012192808.88
010    @a978-7-115-54438-4@dCNY69.00
100    @a20201016d2020 em y0chiy50 ea
101 1  @achi@ceng
102    @aCN@b110000
105    @aa z 000yy
200 1  @a恶意网络环境下的Linux防御之道@9e yi wang luo huan jing xia de Linux fang yu zhi dao@dLinux hardening in hostile networks@f(美)凯尔·兰金(Kyle Rankin)著@g李枫译@zeng
210    @a北京@c人民邮电出版社@d2020
215    @a233页@c图@d24cm
305    @a美国Pearson Education集团授权出版
330    @a本书共有9章,主要讲解了如何对Linux服务器实施现代化的安全防卫,从而以较低的成本来实现非常高的效能。全书首先介绍了一些基本的安全概念和安全原则,然后讲解了如何对现代的工作站、服务器和网络进行加固处理,接着解释了怎样对一些特定的服务器(比如Web服务器、邮件服务器、DNS和数据库等)进行加固处理,最后讲解了如何对怀疑被破解的服务器做出响应,包括如何搜集证据、如何推断攻击者的入侵方式等。此外还介绍了在过去被认为是相当复杂或神秘,但是现在对维护Linux安全来说必不可少的一些技术。
510 1  @aLinux hardening in hostile networks@zeng
606 0  @aLinux操作系统
606 0  @a计算机网络@x防火墙技术
690    @aTP316.85@v5
690    @aTP393.082@v5
701  1 @c(美)@a兰金@9lan jin@g(Rankin, Kyle)@4著
702  0 @a李枫@9li feng@4译
801  0 @aCN@b91MARC@c20201205
905    @aZUCC@dTP316.85@e24
    
    恶意网络环境下的Linux防御之道=Linux hardening in hostile networks/(美)凯尔·兰金(Kyle Rankin)著/李枫译.-北京:人民邮电出版社,2020
    233页:图;24cm
    
    
    ISBN 978-7-115-54438-4:CNY69.00
    本书共有9章,主要讲解了如何对Linux服务器实施现代化的安全防卫,从而以较低的成本来实现非常高的效能。全书首先介绍了一些基本的安全概念和安全原则,然后讲解了如何对现代的工作站、服务器和网络进行加固处理,接着解释了怎样对一些特定的服务器(比如Web服务器、邮件服务器、DNS和数据库等)进行加固处理,最后讲解了如何对怀疑被破解的服务器做出响应,包括如何搜集证据、如何推断攻击者的入侵方式等。此外还介绍了在过去被认为是相当复杂或神秘,但是现在对维护Linux安全来说必不可少的一些技术。
●
相关链接 在五车中查询图书 在当当中查询图书 在豆瓣中查询图书


正题名:恶意网络环境下的Linux防御之道     索取号:TP316.85/24         预约/预借

序号 登录号 条形码 馆藏地/架位号 状态 备注
1 2000914003   2000914003   第三书库/ [索取号:TP316.85/24] 在馆    
2 2000914004   2000914004   第三书库/ [索取号:TP316.85/24] 在馆    
3 2000914005   2000914005   第三书库/ [索取号:TP316.85/24] 在馆    
山东省滨州职业学院图书馆 欢迎您!
大连网信软件有限公司© 版权所有